NBA Categories - Statistics

General Stats
  • This quiz has been taken 118 times
  • The average score is 6 of 6
Answer Stats
Hint Answer % Correct
A player with over 10,000 assists John Stockton|Jason Kidd|Chris Paul|Lebron James|Steve Nash|Mark Jackson|Magic Johnson
100%
Over 7 foot 6 NBA players Gheorghe Muresan|Manute Bol|Tacko Fall|Yao Ming|Shawn Bradley
98%
A team that has over 10 Championships Los Angeles Lakers|Boston Celtics
98%
A team that doesn't end with the letter s Miami Heat|Oklahoma City Thunder|Orlando Magic|Utah Jazz
98%
NBA players with over 15,000 rebounds Wilt Chamberlain|Bill Russell|Kareem Abdul-Jabbar|Elvin Hayes|Moses Malone|Tim Duncan
97%
A player who averaged 40 PPG in a month Wilt Chamberlain|Damian Lillard|Elgin Baylor|Kobe Bryant|James Harden
95%
No matching quizzes found
Score Distribution
Percent of People with Each Score
Percentile by Number Answered
Your Score History
You have not taken this quiz